Morse Code - Statistics

General Stats
  • This quiz has been taken 398 times
  • The average score is 22 of 26
Answer Stats
Hint Answer % Correct
●­­­­­ — A
98%
E
96%
● ● ● S
95%
T
94%
— — — O
91%
● ● ● ● H
88%
— — M
88%
● — ● R
88%
— ● — ● C
86%
● ● I
86%
— ● N
85%
— ● ● ● B
84%
— ● — K
84%
● — ● ● L
81%
— ● ● D
80%
● — — ● P
80%
● ● — ● F
79%
● — — — J
79%
— — ● G
78%
— ● ● — X
78%
— — ● ● Z
78%
● ● — U
77%
● ● ● — V
77%
— — ● — Q
76%
● — — W
76%
— ● — — Y
76%
No matching quizzes found
Score Distribution
Percent of People with Each Score
Percentile by Number Answered
Your Score History
You have not taken this quiz